| 000 | 00000nam##2200000za#4500 |
| 001 | 9.574345 |
| 003 | CaOODSP |
| 005 | 20210624184135 |
| 007 | cr ||||||||||| |
| 008 | 150406|2003||||xxc|||||o f|0| 0 eng|d |
| 022 | |a1701-5413 |
| 040 | |aCaOODSP|beng |
| 043 | |an-cn--- |
| 086 | 1 |aFA1-2003/2-10E-PDF |
| 110 | 1 |aCanada. |bOffice of the Auditor General. |
| 245 | 10|aReport of the Auditor General of Canada to the House of Commons. Chapters 3, 4, and 5, : |h[electronic resource]|bGovernment-wide audit of sponsorship, advertising, and public opinion research - the Sponsorship Program ; advertising activities ; management of public opinion research |
| 260 | |aOttawa - Ontario : |bOffice of the Auditor General of Canada |
| 300 | |a8, 40, 28, 16p.|bfigs., graph, tables |
| 490 | 1 |aReport of the Auditor General of Canada to the House of Commons|x1701-5413|vNovember 2003 |
| 500 | |aThe catalogue number (FA1-2003/2-10E) and ISBN (0-662-35303-X) for the print edition have been incorrectly copied in this electronic publication. |
| 590 | |a12-34-Supp|b2012-07-31 |
| 775 | 08|tRapport de la vérificatrice générale du Canada à la Chambre des communes. Chapitres 3, 4 et 5, : |w(CaOODSP)9.604142 |
| 830 | #0|aReport of the Auditor General of Canada to the House of Commons,|x1701-5413|vNovember 2003|w(CaOODSP)9.506219 |
| 856 | 40|ahttp://publications.gc.ca|qPDF|s403 KB|uhttps://publications.gc.ca/collections/collection_2012/bvg-oag/FA1-2003-2-10b-eng.pdf |
| 856 | 40|ahttp://publications.gc.ca|qPDF|s145 KB|uhttps://publications.gc.ca/collections/collection_2012/bvg-oag/FA1-2003-2-10d-eng.pdf |
| 856 | 40|ahttp://publications.gc.ca|qPDF|s230 KB|uhttps://publications.gc.ca/collections/collection_2012/bvg-oag/FA1-2003-2-10a-eng.pdf |
| 856 | 40|ahttp://publications.gc.ca|qPDF|s286 KB|uhttps://publications.gc.ca/collections/collection_2012/bvg-oag/FA1-2003-2-10c-eng.pdf|yNovember 2003 |